00326pab a2200133 454500008004000000100001800040245003800058260000900096300001300105362001200118650002200130650001400152773002600166180718b2010 xxu||||| |||| 00| 0 eng d aAshwini Kumar aInternational terrorism and India c2010 ap.62-75. aJul-Sep aTerrorism - India aTerrorism aIndian Police Journal